<?xml version="1.0" encoding="UTF-8"?>
<record
    xmlns:xsi="http://www.w3.org/2001/XMLSchema-instance"
    xsi:schemaLocation="http://www.loc.gov/MARC21/slim http://www.loc.gov/standards/marcxml/schema/MARC21slim.xsd"
    xmlns="http://www.loc.gov/MARC21/slim">

  <leader>00913nam a2200241 a 4500</leader>
  <controlfield tag="001">4590</controlfield>
  <controlfield tag="003">CDMR</controlfield>
  <controlfield tag="005">20151016131202.0</controlfield>
  <controlfield tag="008">130130s1932||||||||||||||||||||||||||||d</controlfield>
  <datafield tag="040" ind1=" " ind2=" ">
    <subfield code="a">CDMR</subfield>
    <subfield code="b">cat</subfield>
    <subfield code="c">CDMR</subfield>
  </datafield>
  <datafield tag="130" ind1="0" ind2=" ">
    <subfield code="9">4565</subfield>
    <subfield code="a">Full oficial del dilluns de Barcelona (1931)</subfield>
  </datafield>
  <datafield tag="245" ind1="1" ind2="0">
    <subfield code="a">Full Oficial del Dilluns de Barcelona</subfield>
  </datafield>
  <datafield tag="260" ind1=" " ind2=" ">
    <subfield code="a">Barcelona</subfield>
    <subfield code="c">1931-1939</subfield>
    <subfield code="b">Casa de Caritat</subfield>
  </datafield>
  <datafield tag="300" ind1=" " ind2=" ">
    <subfield code="a">v.</subfield>
    <subfield code="b">il.</subfield>
    <subfield code="c">61 x 39 cm</subfield>
  </datafield>
  <datafield tag="310" ind1=" " ind2=" ">
    <subfield code="a">setmanal</subfield>
  </datafield>
  <datafield tag="362" ind1="0" ind2=" ">
    <subfield code="a">[1931-1939]</subfield>
  </datafield>
  <datafield tag="546" ind1=" " ind2=" ">
    <subfield code="a">Text en castell&#xE0; i catal&#xE0;</subfield>
  </datafield>
  <datafield tag="650" ind1=" " ind2=" ">
    <subfield code="9">4533</subfield>
    <subfield code="a">Associacions de periodistes</subfield>
    <subfield code="y">1931 - 1939</subfield>
    <subfield code="z">Barcelona</subfield>
  </datafield>
  <datafield tag="780" ind1="0" ind2="0">
    <subfield code="a">Hoja del Lunes (Barcelona, 1926)</subfield>
    <subfield code="x">9969-4719</subfield>
  </datafield>
  <datafield tag="710" ind1="2" ind2=" ">
    <subfield code="9">4566</subfield>
    <subfield code="a">Casa Provincial de Caridad de Barcelona</subfield>
  </datafield>
  <datafield tag="856" ind1=" " ind2=" ">
    <subfield code="u">http://prensahistorica.mcu.es/es/consulta/registro.cmd?control=BVPH20140001002&amp;formato=ficha_comprende</subfield>
    <subfield code="y">Disponible en l&#xED;nia (Biblioteca Virtual de Prensa Hist&#xF3;rica)</subfield>
  </datafield>
  <datafield tag="942" ind1=" " ind2=" ">
    <subfield code="c">SER</subfield>
    <subfield code="2">udc</subfield>
  </datafield>
  <datafield tag="999" ind1=" " ind2=" ">
    <subfield code="c">4590</subfield>
    <subfield code="d">4590</subfield>
  </datafield>
  <datafield tag="952" ind1=" " ind2=" ">
    <subfield code="0">0</subfield>
    <subfield code="1">0</subfield>
    <subfield code="4">0</subfield>
    <subfield code="7">1</subfield>
    <subfield code="a">CDMR</subfield>
    <subfield code="b">CDMR</subfield>
    <subfield code="d">2013-01-16</subfield>
    <subfield code="h">[1931 - 1939]</subfield>
    <subfield code="l">0</subfield>
    <subfield code="r">2014-05-13</subfield>
    <subfield code="w">2013-01-16</subfield>
    <subfield code="y">RES</subfield>
  </datafield>
</record>
